=LDR 00000nam 2200000 4500 =001 INLIS00000000000023 =005 20260702043538 =020 ##$$a 9786237495321 =082 ##$$a 639.541 =100 1#$$a Kristyanto, Edyar =245 1 $$a Budidaya Lobster Air Tawar Yang Menguntungkan /$c Edyar Kristyanto =300 ##$$a 116 ; 14,5 x 21